| 000 | 00894nam a2200169Ia 4500 | ||
|---|---|---|---|
| 008 | 220104s9999 xx 000 0 und d | ||
| 100 | _aNjoku O U | ||
| 245 | 0 | _aPreliminary studies on preparation of lubricating greases from bleached rubber seed oil | |
| 520 | _aRubber seed oil was extracted from seeds of three clones (Tjir 1, RRIM 501 and RRIM 601).Rubber seed oil was extracted using petroleum ether (40-60o C) from fresh seeds. Physical and chemical characteristics of bleached oil were determined. Lubricating greases were prepared from the oils. It is observed that the texture and colour of the greases were comparable. Storage period had a marked effect on the texture of the grease produced. | ||
| 650 | _aBleaching | ||
| 650 | _aLubricating greases | ||
| 650 | _aRubber seed | ||
| 650 | _aRubber seed oil | ||
| 650 | _aSaponification | ||
| 700 | _aOnonogbu I C | ||
| 942 | _cBE | ||
| 999 |
_c47382 _d47382 |
||